Eastern Utah Libraries Catalog: Duchesne, Heber, Roosevelt, & Vernal

Nim's Island (Record no. 55148)

MARC details
000 -LEADER
fixed length control field 04556cgm a2200865Ka 4500
001 - CONTROL NUMBER
control field ocn230761920
003 - CONTROL NUMBER IDENTIFIER
control field OCoLC
005 - DATE AND TIME OF LATEST TRANSACTION
control field 20241220122230.0
007 - PHYSICAL DESCRIPTION FIXED FIELD--GENERAL INFORMATION
fixed length control field vd cvaizq
008 - FIXED-LENGTH DATA ELEMENTS--GENERAL INFORMATION
fixed length control field 080604s2008 cau096 g vleng d
040 ## - CATALOGING SOURCE
Original cataloging agency TEFMT
Transcribing agency TEFMT
Modifying agency BTCTA
-- TEF
-- RCS
-- GK8
-- UPZ
-- JP3
-- VP@
-- UINTA
024 1# - OTHER STANDARD IDENTIFIER
Standard number or code 024543527527
024 10 - OTHER STANDARD IDENTIFIER
Standard number or code 024543527572
Additional codes following the standard number or code 00
028 42 - PUBLISHER NUMBER
Publisher number 2252752
Source 20th Century Fox Home Entertainment
028 42 - PUBLISHER NUMBER
Publisher number 2252757
Source 20th Century Fox Home Entertainment
035 ## - SYSTEM CONTROL NUMBER
System control number (OCoLC)230761920
037 ## - SOURCE OF ACQUISITION
Source of stock number/acquisition Midwest Tape
Note http://www.midwesttapes.com
041 1# - LANGUAGE CODE
Language code of text/sound track or separate title eng
-- fre
-- spa
Language code of summary or abstract/overprinted title or subtitle eng
-- spa
Language code of original and/or intermediate translations of text eng
050 14 - LIBRARY OF CONGRESS CALL NUMBER
Classification number PN1995.9.A3
Item number N567 2008
082 04 - DEWEY DECIMAL CLASSIFICATION NUMBER
Classification number 791.43/72
Edition number 22
049 ## - LOCAL HOLDINGS (OCLC)
Holding library UCLB
092 ## - LOCALLY ASSIGNED DEWEY CALL NUMBER (OCLC)
Classification number 791.437
245 00 - TITLE STATEMENT
Title Nim's Island
Medium [videorecording] /
Statement of responsibility, etc Walden Media ; produced by Paula Mazur ; co-produced by Alan Edward Bell ; screenplay by Joseph Kwong & Paula Mazur and Mark Levin & Jennifer Flackett ; directed by Jennifer Flackett, Mark Levin.
250 ## - EDITION STATEMENT
Edition statement [Widescreen ed.].
260 ## - PUBLICATION, DISTRIBUTION, ETC. (IMPRINT)
Place of publication, distribution, etc Beverly Hills, Calif. :
Name of publisher, distributor, etc 20th Century Fox Home Entertainment,
Date of publication, distribution, etc c2008.
300 ## - PHYSICAL DESCRIPTION
Extent 1 videodisc (96 min.) :
Other physical details sd., col. ;
Dimensions 4 3/4 in.
538 ## - SYSTEM DETAILS NOTE
System details note DVD, region 1, widescreen (2.40:1) presentation; Dolby Digital 5.1 surround.
546 ## - LANGUAGE NOTE
Language note English, dubbed French or dubbed Spanish dialogue, English or Spanish subtitles; closed-captioned.
500 ## - GENERAL NOTE
General note Title from container.
511 1# - PARTICIPANT OR PERFORMER NOTE
Participant or performer note Abigail Breslin, Jodie Foster, Gerard Butler.
508 ## - CREATION/PRODUCTION CREDITS NOTE
Creation/production credits note Director of photography, Stuart Dryburgh ; editor, Stuart Levy ; music, Patrick Doyle ; costume designer, Jeffrey Kurland ; production designer, Barry Robinson.
500 ## - GENERAL NOTE
General note Based on the novel "Nim's Island" by Wendy Orr.
521 8# - TARGET AUDIENCE NOTE
Target audience note MPAA rating: PG; for mild adventure action and brief language.
520 ## - SUMMARY, ETC.
Summary, etc Nim Rusoe is a young girl who inhabits an isolated island with her scientist father and communicates, via e-mail, with the reclusive author of the novel she has been reading. Nim's existence mirrors that of her favorite literary character, Alex Rover, the world's greatest adventurer. But Alexandra, the author of the Rover books, leads a reclusive life in the big city. When Nim's father goes missing from the island, Nim gets Alexandra to come to her island. Now, the two must draw courage from their fictional hero, Alex Rover, and find strength in one another to conquer the island.
500 ## - GENERAL NOTE
General note Special features: Commentary with writer and directors Mark Levin and Jennifer Flackett; commentary with Jodie Foster and Abigail Breslin; "Nim's friends" featurette; "Abigail's journey" featurette; "Working on water" featurette; deleted scenes; theatrical trailers.
650 #0 - SUBJECT ADDED ENTRY--TOPICAL TERM
Topical term or geographic name as entry element Fathers and daughters
Form subdivision Drama.
9 (RLIN) 5690624
650 #0 - SUBJECT ADDED ENTRY--TOPICAL TERM
Topical term or geographic name as entry element Electronic mail messages
Form subdivision Drama.
9 (RLIN) 6509063
650 #0 - SUBJECT ADDED ENTRY--TOPICAL TERM
Topical term or geographic name as entry element Island ecology
Form subdivision Drama.
9 (RLIN) 6509064
650 #0 - SUBJECT ADDED ENTRY--TOPICAL TERM
Topical term or geographic name as entry element Women authors, American
Form subdivision Drama.
9 (RLIN) 6509065
650 #0 - SUBJECT ADDED ENTRY--TOPICAL TERM
Topical term or geographic name as entry element Fictitious characters
Form subdivision Drama.
9 (RLIN) 6509066
650 #7 - SUBJECT ADDED ENTRY--TOPICAL TERM
Topical term or geographic name as entry element Padre e hija
Form subdivision Teatro.
Source of heading or term bidex
9 (RLIN) 6365560
650 #7 - SUBJECT ADDED ENTRY--TOPICAL TERM
Topical term or geographic name as entry element Correo electrónico
Form subdivision Teatro.
Source of heading or term bidex
9 (RLIN) 6509067
650 #8 - SUBJECT ADDED ENTRY--TOPICAL TERM
Topical term or geographic name as entry element Father-daughter relationship
Form subdivision Drama.
9 (RLIN) 6506488
650 #8 - SUBJECT ADDED ENTRY--TOPICAL TERM
Topical term or geographic name as entry element Electronic mail systems
Form subdivision Drama.
9 (RLIN) 6509068
650 #8 - SUBJECT ADDED ENTRY--TOPICAL TERM
Topical term or geographic name as entry element Island ecology
Form subdivision Drama.
9 (RLIN) 6509064
650 #8 - SUBJECT ADDED ENTRY--TOPICAL TERM
Topical term or geographic name as entry element Women authors, American
Form subdivision Drama.
9 (RLIN) 6509065
650 #8 - SUBJECT ADDED ENTRY--TOPICAL TERM
Topical term or geographic name as entry element Characters and characteristics in literature
Form subdivision Drama.
9 (RLIN) 6506519
655 #0 - INDEX TERM--GENRE/FORM
Genre/form data or focus term Feature films.
9 (RLIN) 6184893
655 #0 - INDEX TERM--GENRE/FORM
Genre/form data or focus term Adventure films.
9 (RLIN) 6184894
655 #0 - INDEX TERM--GENRE/FORM
Genre/form data or focus term Comedy films.
9 (RLIN) 6184895
655 #0 - INDEX TERM--GENRE/FORM
Genre/form data or focus term Video recordings for the hearing impaired.
9 (RLIN) 6184896
655 #1 - INDEX TERM--GENRE/FORM
Genre/form data or focus term Film adaptations.
9 (RLIN) 6184897
655 #7 - INDEX TERM--GENRE/FORM
Genre/form data or focus term Adventure
Form subdivision Feature.
Source of term migfg
9 (RLIN) 5692407
655 #7 - INDEX TERM--GENRE/FORM
Genre/form data or focus term Comedy
Form subdivision Feature.
Source of term migfg
9 (RLIN) 5696136
655 #7 - INDEX TERM--GENRE/FORM
Genre/form data or focus term Youth
Form subdivision Feature.
Source of term migfg
9 (RLIN) 5778631
655 #7 - INDEX TERM--GENRE/FORM
Genre/form data or focus term Family
Form subdivision Feature.
Source of term migfg
9 (RLIN) 5706541
655 #7 - INDEX TERM--GENRE/FORM
Genre/form data or focus term Feature films.
Source of term gsafd
9 (RLIN) 6184893
655 #7 - INDEX TERM--GENRE/FORM
Genre/form data or focus term Adventure films.
Source of term gsafd
9 (RLIN) 6184894
655 #7 - INDEX TERM--GENRE/FORM
Genre/form data or focus term Comedy films.
Source of term gsafd
9 (RLIN) 6184895
700 1# - ADDED ENTRY--PERSONAL NAME
Personal name Mazur, Paula.
9 (RLIN) 6184898
700 1# - ADDED ENTRY--PERSONAL NAME
Personal name Bell, Alan Edward.
9 (RLIN) 5838417
700 1# - ADDED ENTRY--PERSONAL NAME
Personal name Kwong, Joseph.
9 (RLIN) 6184899
700 1# - ADDED ENTRY--PERSONAL NAME
Personal name Levin, Mark,
Dates associated with a name 1965-
9 (RLIN) 5780863
700 1# - ADDED ENTRY--PERSONAL NAME
Personal name Flackett, Jennifer.
9 (RLIN) 58471
700 1# - ADDED ENTRY--PERSONAL NAME
Personal name Breslin, Abigail,
Dates associated with a name 1996-
9 (RLIN) 70923
700 1# - ADDED ENTRY--PERSONAL NAME
Personal name Foster, Jodie.
9 (RLIN) 35146
700 1# - ADDED ENTRY--PERSONAL NAME
Personal name Butler, Gerard,
Dates associated with a name 1969-
9 (RLIN) 70471
700 1# - ADDED ENTRY--PERSONAL NAME
Personal name Orr, Wendy,
Dates associated with a name 1953-
Title of a work Nim's Island.
9 (RLIN) 6184900
710 2# - ADDED ENTRY--CORPORATE NAME
Corporate name or jurisdiction name as entry element Walden Media.
9 (RLIN) 69623
710 2# - ADDED ENTRY--CORPORATE NAME
Corporate name or jurisdiction name as entry element Twentieth Century Fox Home Entertainment, Inc.
9 (RLIN) 61951
938 ## -
-- Baker and Taylor
-- BTCP
-- BEDDTW 2252752
942 ## - ADDED ENTRY ELEMENTS (KOHA)
Koha item type DVD
994 ## -
-- C0
-- UINTA
998 ## - LOCAL CONTROL INFORMATION (RLIN)
-- a116752
Holdings
Withdrawn status Lost status Source of classification or shelving scheme Damaged status Not for loan Collection code Home library Current library Shelving location Date acquired Source of acquisition Cost, normal purchase price Serial Enumeration / chronology Total Checkouts Total Renewals Full call number Barcode Date last seen Date checked out Cost, replacement price Price effective from Koha item type
    Dewey Decimal Classification     Movies Wasatch County Library Wasatch County Library Audio Visual Area 06/08/2011 Donation 25.00 #1 Nim's Island 130 29 Movie Nim's Island 34301002000752 07/18/2025 05/28/2025 25.00 03/20/2020 DVD
This project was made possible through a grant from the Institute of Museum and Library Service administered by the Utah State Library Division.

Wasatch County Library

  • 465 East 1200 South, Heber City, Utah 84032
  • Phone 435-654-1511 | Fax 435-654-6456

Hours

  • Monday - Friday 9:30 AM - 8:00 PM
  • Saturday 9:30 AM - 1:30 PM
  • Closed Sundays and Holidays